000 01744nam1a2200373 4500
001 RU\NLR\bibl\1485038
005 20260405072951.0
010 _a5-225-03381-4
_bМедицина
010 _a5-900758-43-5
_bШико
035 _a(NLR Aleph) 001476657
090 _a1677464
_c1677464
100 _a20260129 rusy50
101 0 _arus
102 _aRU
105 _a||||z |||||
200 1 _aАнатомия человека
_eв 2 т.
_eучебник для студентов, обучающихся на факультетах высшего сестринского образования медицинских вузов
_fМ.Р. Сапин, В.Я. Бочаров, Д.Б. Никитюк, Ю.М. Селин
_gпод ред. акад. РАМН, проф. М.Р. Сапина
205 _aИзд. 6-е, перераб. и доп.
210 _aМосква
_cМедицина
_cШико
_d2009
215 _d22
463 0 _10011416865
463 0 _10011406853
606 1 _aЧеловек
_jУчебники для высших учебных заведений
_xАнатомия
_92080069
_3RU\NLR\auth\661255980
686 _aЕ860я732Р-1
701 1 _4340
_8rus
_7ca
_aСапин
_bМ. Р.
_f1925-2015
_gМихаил Романович
_3RU\NLR\AUTH\7719900
_92970
701 1 _aБочаров
_bВ. Я.
_gВладимир Яковлевич
_4070
701 1 _4070
_8rus
_7ca
_aНикитюк
_bД. Б.
_f1962-
_gДмитрий Борисович
_3RU\NLR\AUTH\7719935
_93004
701 1 _aСелин
_bЮ. М.
_gЮрий Михайлович
_4070
801 0 _aRU
_bNLR
_c20100315
_gRCR
801 1 _aRU
_bNLR
_c20100315
852 _aNLR
_j2009-5/7463
942 _cBOOK
980 _aNB